Docket No. 160, award in re Local 81, Iron Molders' Union versus Iron Foundry owners of Elizabeth, N.J.

Bibliographic Details
Corporate Author: Iron Molders' Union of North America
Format: Government Document eBook
Language:English
Published: Washington : U.S. GPO, 1919.
Series:Natl. War Labor Bd. Serial No. A-128
Subjects:
Online Access:Connect to the full text of this electronic document

MARC

Tag First Indicator Second Indicator Subfields
LEADER 00000cam a22000001a 4500
001 in00003788872
005 20190408183854.0
006 m o d f
007 cr bn mmmapmmp
008 040322s1919 dcu o f000 0 eng d
035 |a ebd1910408724 
040 |a UMI  |c UMI  |d UtOrBLW 
086 0 |a L 10.5:Ir 6 
099 |a L10.5-153 
245 0 0 |a Docket No. 160, award in re Local 81, Iron Molders' Union versus Iron Foundry owners of Elizabeth, N.J. 
264 1 |a Washington :  |b U.S. GPO,  |c 1919. 
300 |a 1 online resource (4 pages) 
336 |a text  |b txt  |2 rdacontent 
337 |a computer  |b c  |2 rdamedia 
338 |a online resource  |b cr  |2 rdacarrier 
490 0 |a Natl. War Labor Bd. Serial No. A-128 
500 |a [decision of National War Labor Board]. 
500 |a Record is based on bibliographic data in ProQuest U.S. Executive Branch Documents, 1910-1932. Reuse except for individual research requires license from ProQuest, LLC. 
533 |a Electronic reproduction.  |b [Bethesda, Md.] :  |c ProQuest,  |d 2012.  |e digital, PDF file.  |n ProQuest U.S. Executive Branch Documents, 1910-1932.  |n Mode of access: World Wide Web via ProQuest website. 
538 |a System requirements: PDF reader software. 
500 |a Electronic resource. 
650 0 |a Foundries.  |0 http://id.loc.gov/authorities/subjects/sh85051054 
651 0 |a Elizabeth (N.J.)  |0 http://id.loc.gov/authorities/names/n81020289 
655 7 |a Electronic books.  |2 local 
710 2 |a Iron Molders' Union of North America.  |0 http://id.loc.gov/authorities/names/no94014007 
776 1 8 |i Microfiche version:  |t Docket No. 160, award in re Local 81, Iron Molders' Union versus Iron Foundry owners of Elizabeth, N.J.  |o CIS US Exec MF L10.5-153  |w (ProQuest)cis19145408 
856 4 0 |u http://proxy.library.tamu.edu/login?url=http://congressional.proquest.com/congressional/docview/t66.d71.l10.5-153  |z Connect to the full text of this electronic document  |t 0 
999 f f |s 9703a002-e7a3-3280-93e0-68de619ff04c  |i 7ef4c00c-3a2e-345d-8c3e-75016ad2c676  |t 0 
952 f f |a Texas A&M University  |b College Station  |c Electronic Resources  |d Available Online  |t 0  |h No information provided 
998 f f |t 0  |l Available Online